Rocket League : Joueurs Professionnels - Statistiques

Statistiques générales
  • Ce quiz a été pris 1 248 fois
  • Le résultat moyen est 23 sur 93
Statistiques - réponses
Equipes Joueurs % Correct
Vitality Zen
94%
Karmine Corp Vatira
88%
Gentle Mates Itachi
79%
Karmine Corp Atow
76%
Team BDS Monkey Moon
76%
Solary Kaydop
75%
Vitality Radosin
75%
Vitality Alpha54
74%
Gentle Mates Juicy
70%
Gentle Mates Seikoo
64%
Team BDS Dralii
62%
Team BDS ExotiiK
62%
Falcons Rw9
60%
Karmine Corp Rise
59%
G2 Esports Daniel
54%
Oxygen Joyo
51%
G2 Esports BeastMode
50%
Gen.G ApparentlyJack
49%
G2 Esports Atomic
45%
Oxygen Oski
44%
Oxygen Archie
38%
Gen.G Firstkiller
36%
Rule One Nwpo
36%
Solary Aztral
34%
M80 Nass
34%
Solary Chausette45
33%
Falcons Trk511
30%
Rebellion Jstn
29%
Gen.G Chronic
27%
M80 Joreuz
27%
Furia Drufinho
26%
Dignitas Arsenal
24%
Falcons Kiileerrz
22%
SSG Lj
22%
OG Noly
22%
PWR Bananahead
21%
Complexity Crr
20%
Furia Lostt
20%
Dignitas Stizzy
20%
NRG GarrettG
18%
Rule One OKhaliD
18%
Complexity Reysbull
17%
Furia Yanxnz
17%
OG JKnaps
16%
Luminosity Cheese
15%
SSG Chicago
15%
Resolve Kash
15%
Luminosity Retals
15%
PWR Torsos
15%
OG Comm
13%
SSG Hockser
13%
PWR Fever
12%
Luminosity MajicBear
12%
KRU Ajg
11%
Team Secret Kv1
11%
M80 Ayyjayy
10%
Complexity Diaz
10%
NRG Mist
10%
Team Secret Motta
10%
Resolve Rezears
10%
Limitless 2Die4
8%
Rebellion 2Piece
8%
Rebellion Paarth
8%
KC Pioneers Superlachie
8%
Endpoint Arju
7%
Team Secret Brad
7%
Dignitas Gyro
7%
Resolve Ivn
7%
Endpoint Mittaen
7%
Endpoint Toxiic
7%
KC Pioneers Amphis
6%
NRG Aqua
6%
TSM Hocke
6%
Limitless Snowyy
6%
Elevate Sphinx
6%
Limitless Sweaty
6%
NIP Swiftt
6%
Rule One Venom
6%
TSM Wahvey
6%
Moist Andy
5%
KC Pioneers Mock
5%
Moist Aris
4%
NIP Aztro
4%
KRU Bemmz
4%
TSM Creamz
4%
Moist Fiv3Up
4%
Elevate Kevin
4%
NIP Nxghtt
4%
KRU Wisty
3%
Elevate ZPS
3%
Ground Zero Jar
2%
Ground Zero Laxin
2%
Ground Zero Lunr
2%
Aucun quiz correspondant
Distribution des résultats
% des personnes avec chaque résultat
Percentile par nombre de réponses
Votre historique - résultats
Vous n’avez pas pris ce quiz